00469nmm a2200169Ia 4500008004100000020001500041041000800056100002000064245004000084264004300124300001800167490002200185650001900207856004900226942000700275999001700282251105s9999||||xx |||||||||||||||||und|| a8488015577 aspa aMorales, Rafael 0aObra poética completa (1943-1999) a[Madrid, España] :bCalambur, c1999 a368 páginas aCalambur Poesía aSpanish poetry uhttps://public.digitaliapublishing.com/a/907 cCF c73845d73845